Las trampas de la escuela integradora : la intervención posible /

Guardado en:
Autor Principal: Vega, Eduardo de la
Formato: Libro
Publicado: Buenos Aires : Noveduc, 2008
Series:Colección Ensayos y experiencias. Serie Interlíneas
Materias:
Etiquetas: Agregar Etiqueta
Sin Etiquetas, Sea el primero en etiquetar este registro!
LEADER 00805nam a22002295a 4500
001 CEM.cems012941
005 20080718111930.0
008 130507s2008##################000#0#####d
003 CEMS
020 |a 9789875382190 
082 0 4 |a 370.19 
100 1 |a Vega, Eduardo de la 
245 1 0 |a Las trampas de la escuela integradora :  |b la intervención posible /  |c Eduardo de La Vega 
260 |a Buenos Aires :  |b Noveduc,  |c 2008 
300 |a 176 p. 
490 0 |a Colección Ensayos y experiencias. Serie Interlíneas 
505 0 |a Los mundos posibles de la escuela -- Los nuevos contextos escolares y sociales -- Los destinos de la infancia anormal 
653 |a Educación 
653 |a Diversidad 
653 |a Integración 
653 |a Exclusión 
859 |a CEMS  |b BIB. CEMS - 11 de abril  |h 370.19  |i V522  |p 25232.08  |t Ej.1